Capitales de régions en images - Statistiques

Statistiques générales
  • Ce quiz a été pris 45 fois
  • Le résultat moyen est 6 sur 13
Statistiques - réponses
Par images Réponse % Correct
Paris
100%
Marseille
66%
Lyon
59%
Toulouse
50%
Strasbourg
44%
Bordeaux
41%
Lille
34%
Nantes
34%
Rennes
34%
Dijon
31%
Rouen
31%
Ajaccio
28%
Orléans
25%
Aucun quiz correspondant
Distribution des résultats
% des personnes avec chaque résultat
Percentile par nombre de réponses
Votre historique - résultats
Vous n’avez pas pris ce quiz